| 000 | 00522nam a22001817a 4500 | ||
|---|---|---|---|
| 999 |
_c3616 _d3573 |
||
| 008 | 190703b ||||| |||| 00| | eng d | ||
| 020 | _a9789944446501 | ||
| 041 | _atur | ||
| 050 | _aPL219 | ||
| 100 |
_91589 _aAltıyaprak, Yakup |
||
| 245 | _a İkinci Yeni ve Türk Şiirinde Modernizm | ||
| 250 | _a1.Baskı | ||
| 260 |
_aAnkara: _bEbabil Yayınları, _cMayıs 2008 |
||
| 300 | _a126 Sayfa | ||
| 500 | _aEbabil Yayınları ; 115 Eleştiri ; 7 | ||
| 650 | 0 |
_9145 _aTürk Edebiyatı |
|
| 942 |
_2lcc _cBK |
||